Kvantifikácia in vivo MRI - T2-vážených obrazov meraných na patologickom mozgu potkana pomocou volumetrie

Salvato in:
Dettagli Bibliografici
Autore principale: Krpelánová, Martina (Autore)
Altri autori: Kašparová, Svatava (Relatore della tesi)
Natura: Manoscritto Libro
Lingua:slovacco
Pubblicazione: 2017
Soggetti:
Accesso online:http://is.stuba.sk/zp/portal_zp.pl?podrobnosti=101800
Tags: Aggiungi Tag
Nessun Tag, puoi essere il primo ad aggiungerne!!

MARC

LEADER 00000ntm a22000003a 4500
001 stuzp61108
003 SK-STU
005 20170715210521.5
007 ta
008 150427s2015----xo-----f-mn---000-0-slo-d
040 |a STU  |b slo 
041 0 |a slo 
100 1 |a Krpelánová, Martina  |u 040630  |4 aut  |U FCHPT Fakulta chemickej a potravinárskej technológie  |T FCHPT Centrálne laboratóriá FCHPT  |X 61250  |U C0630  |Y 687  |7 61250 
242 0 1 |a In vivo MRI quantification - T2 - weighted images measured in pathological rat brain by means of volumetry  |y eng 
245 1 0 |a Kvantifikácia in vivo MRI - T2-vážených obrazov meraných na patologickom mozgu potkana pomocou volumetrie 
260 |c 2017 
650 4 |a neurodegenerácia  |2 slo 
650 4 |a MRI  |2 slo 
650 4 |a volumetria  |2 slo 
650 4 |a hipokampus  |2 slo 
650 4 |a animálny model  |2 slo 
650 4 |a neurodegeneration  |2 eng 
650 4 |a MRI  |2 eng 
650 4 |a volumetry  |2 eng 
650 4 |a hippocampus  |2 eng 
650 4 |a animal model  |2 eng 
700 1 |a Kašparová, Svatava  |u 040630  |k Z2  |4 ths  |U FCHPT Fakulta chemickej a potravinárskej technológie  |T FCHPT Centrálne laboratóriá FCHPT  |X 3873  |U C0630  |Y 687  |7 A000003873 
856 4 |u http://is.stuba.sk/zp/portal_zp.pl?podrobnosti=101800